Statistics for Pokémon Go All Community Days in 2023

Click here to take the quiz!

General Stats

  • This quiz has been taken 16 times
  • The average score is 11 of 16

Answer Stats

MonthPokémon% Correct
JanuaryChespin
100%
JuneAxew
86%
SeptemberCharmander
86%
MayFennekin
86%
AugustFroakie
86%
JanuaryLarvitar
71%
NovemberMareep
71%
JulySquirtle
71%
OctoberTimburr
71%
NovemberWooper
71%
SeptemberGrubbin
57%
FebruaryNoibat
57%
AprilTogetic
57%
JulyPoliwag
43%
AprilSwinub
43%
MarchSlowpoke
29%

Score Distribution

Percentile by Number Answered

Percent of People with Each Score

Your Score History

You have not taken this quiz